Effect of different moisture levels on cucumber by drip fertigation system , ឥទ្ធិិពលនៃកំរិតសំណើមខុសៗគ្នាទៅលើដំណាំត្រសក់ដោយប្រព័ន្ធស្រោចស្រពដំណក់ទឹកសូលុស្យុង (Record no. 7045)

000 -LEADER
fixed length control field 00710nam a22001337a 4500
040 ## - CATALOGING SOURCE
Transcribing agency RUA
082 ## - DEWEY DECIMAL CLASSIFICATION NUMBER
Classification number AGR SIM 2014 B432 Or.1
100 ## - MAIN ENTRY--AUTHOR NAME
Personal name SIM CHAN TYNO ; ស៊ឹម ចាន់ទីណូ
245 ## - TITLE STATEMENT
Title Effect of different moisture levels on cucumber by drip fertigation system , ឥទ្ធិិពលនៃកំរិតសំណើមខុសៗគ្នាទៅលើដំណាំត្រសក់ដោយប្រព័ន្ធស្រោចស្រពដំណក់ទឹកសូលុស្យុង
260 ## - PUBLICATION, DISTRIBUTION, ETC. (IMPRINT)
Place of publication Phnom Penh
Name of publisher RUA
Year of publication 2014
300 ## - PHYSICAL DESCRIPTION
Number of Pages x ;45p.
Other physical details ill.
Dimensions 29cm.
856 ## - ELECTRONIC LOCATION AND ACCESS
Uniform Resource Identifier https://drive.google.com/file/d/1efSJ3-mIWq03tcrGiUg-HQmbjGZZxLnF/view?usp=sharing
942 ## - ADDED ENTRY ELEMENTS (KOHA)
Koha item type AGR
952 ## - LOCATION AND ITEM INFORMATION (KOHA)
Withdrawn status [LOCAL, KOHA] 0
952 ## - LOCATION AND ITEM INFORMATION (KOHA)
Withdrawn status [LOCAL, KOHA] 0
952 ## - LOCATION AND ITEM INFORMATION (KOHA)
Withdrawn status [LOCAL, KOHA] 0
952 ## - LOCATION AND ITEM INFORMATION (KOHA)
Withdrawn status [LOCAL, KOHA] 0
952 ## - LOCATION AND ITEM INFORMATION (KOHA)
Withdrawn status [LOCAL, KOHA] 0
952 ## - LOCATION AND ITEM INFORMATION (KOHA)
Withdrawn status [LOCAL, KOHA] 0
952 ## - LOCATION AND ITEM INFORMATION (KOHA)
Withdrawn status [LOCAL, KOHA] 0
952 ## - LOCATION AND ITEM INFORMATION (KOHA)
Withdrawn status [LOCAL, KOHA] 0
952 ## - LOCATION AND ITEM INFORMATION (KOHA)
Withdrawn status [LOCAL, KOHA] 0
952 ## - LOCATION AND ITEM INFORMATION (KOHA)
Withdrawn status [LOCAL, KOHA] 0
Holdings
Permanent Location Date acquired Koha item type Lost status Shelving location Barcode Current Location Full call number
Library Block B2016-02-25AGR B432RUA051989Library Block BAGR SIM 2014 B432 Or.1
Library Block B2016-02-25AGR B432RUA052102Library Block BAGR SIM 2014 B432 Or.2
Library Block B2016-02-25AGR B432RUA050755Library Block BAGR SIM 2014 B432 Or.3
Library Block B2016-02-25AGR B432RUA050900Library Block BAGR SIM 2014 B432 Or.4
Library Block B2016-02-25AGR B432RUA051045Library Block BAGR SIM 2014 B432 Or.5
Library Block B2016-02-25AGR B432RUA050894Library Block BAGR SIM 2014 B432 Or.6
Library Block B2016-02-25AGR B432RUA050817Library Block BAGR SIM 2014 B432 Or.7
Library Block B2016-02-25AGR B432RUA051721Library Block BAGR SIM 2014 B432 Or.8
Library Block B2021-09-29AGR B691A09790Library Block BAGR SIM 2014 B691 Or.1
Library Block B2021-09-29AGR B691A10500Library Block BAGR SIM 2014 B691 Or.1
មជ្ឈមណ្ឌលឯការនៃសាកលវិទ្យាល័យភូមិន្ទកសិកម្មចំការដូង

Powered by Koha